000 00617nam a2200253Ia 4500
001 32440
005 20240114001606.0
007 ta
008 060824s1372 g b000 u 346 u
040 _aCotton College,Assam
041 _a346
082 _a891.443
_bN 153 A
100 _aNandi, Jogesh .
245 0 _aAnkush /
_cJogesh Nandi.
_hTextual Documents
250 _a1st ed. /
260 _aCalcutta :
_bChalantika ,
_c1372.
300 _a338p. ;
_c22cm.
653 _aBengali Novel
653 _aG-Bengali
942 _2ddc
_cBK
999 _c32422
_d32422